00374nam a2200121 a 450000100100000000500170001000800410002704000250006808200140009324500550010726000630016230000270022500004872320201002061346.0190410s2000 dr a r 000 spa d aDO-SdBNPbspacBNPHU axxxbF723 0aFormación vial para un país menos contaminado. a[Santo Domingo] :bFundación Cuidemos el Planeta,c2000. a16 p. :bil. ;c22 cm.